| 000 | 00711nam a2200205 a 4500 | ||
|---|---|---|---|
| 001 | 000002198 | ||
| 005 | 20200929150155.0 | ||
| 008 | 090701s2001 dr b r 000 0 spa d | ||
| 020 | _a9993467014 | ||
| 040 |
_aDO-SdBNP _bspa _cBNPHU |
||
| 082 |
_axxxx _bR621d |
||
| 100 | 1 |
_aRivera Torres, Máximo A. _97035 |
|
| 245 | 1 | 4 |
_aLas dos grandes guerras del Siglo XX / : _bMáximo A. Rivera Torres. |
| 260 |
_aSanto Domingo : _bAmigo del Hogar, _c2001. |
||
| 300 |
_a144p. : _bmap., ; _c27 cm. |
||
| 500 | _aIncluye datos biográficos del autor | ||
| 504 | _aIncluye referencias bibliográficas y notas al pie de las páginas | ||
| 504 | _aBibliografía : p. 145 | ||
| 650 | 4 |
_aHistoria contemporáneas _ySIGLO XX _97036 |
|
| 999 |
_c2046 _d2046 |
||